La literatura griega
Uloženo v:
| Hlavní autor: | |
|---|---|
| Médium: | Kniha |
| Jazyk: | španělština |
| Vydáno: |
Ciudad de México
Fondo de Cultura Económica
1948
|
| Vydání: | 1a. ed |
| Edice: | Breviarios del Fondo de Cultura Económica, 1
|
| Témata: | |
| Tagy: |
Přidat tag
Žádné tagy, Buďte první, kdo vytvoří štítek k tomuto záznamu!
|
MARC
| LEADER | 00000cam a2200000 a 4500 | ||
|---|---|---|---|
| 001 | UCV8709 | ||
| 003 | CL-VaPUC | ||
| 008 | 911122e19480000MX |||||||||||||||||spa|d | ||
| 020 | |a 9681603966 | ||
| 082 | 0 | 4 | |a 880.9 |b BOW |2 21 |
| 100 | |a Bowra, C. M |e author |9 561274 | ||
| 245 | 1 | 3 | |a La literatura griega |
| 250 | |a 1a. ed | ||
| 300 | |a 215 p | ||
| 942 | |c BK | ||
| 945 | |d 19911122 00:00:00 |a oaravena | ||
| 260 | |a Ciudad de México |b Fondo de Cultura Económica |c 1948 | ||
| 650 | 7 | |a LITERATURA GRIEGA HISTORIA Y CRITICA |2 CL-VaPUC |9 267073 | |
| 583 | |a last modification |c 20120320 03:35:12 |k Rodrigo Vera | ||
| 490 | 0 | |a Breviarios del Fondo de Cultura Económica, 1 | |
| 999 | |c 214186 |d 214184 | ||
| 952 | |0 0 |1 0 |4 0 |6 880_900000000000000_BOW_1948 |7 0 |8 A |9 197321 |a BIBEDU |b BIBEDU |d 2019-11-14 |i 2650029 |o 880.9 BOW 1948 |p 2650029 |r 2019-11-14 |w 2019-11-14 |y BK |k LIT | ||
| 952 | |0 0 |1 0 |4 0 |6 880_900000000000000_BOW_1948 |7 0 |8 A |9 197322 |a BIBEDU |b BIBEDU |d 2019-11-14 |i 2650037 |o 880.9 BOW 1948 |p 2650037 |r 2019-11-14 |w 2019-11-14 |y BK |k LIT | ||
| 952 | |0 0 |1 0 |4 0 |6 880_900000000000000_BOW_1948 |7 0 |8 A |9 197323 |a BIBEDU |b BIBEDU |d 2019-11-14 |i 2650045 |o 880.9 BOW 1948 |p 2650045 |r 2019-11-14 |w 2019-11-14 |y BK |k LIT | ||
| 952 | |0 0 |1 0 |4 0 |6 880_900000000000000_BOW_1948 |7 0 |8 A |9 197324 |a BIBEDU |b BIBEDU |d 2019-11-14 |i 2979853 |o 880.9 BOW 1948 |p 2979853 |r 2019-11-14 |w 2019-11-14 |y BK |k LIT | ||
| 952 | |0 0 |1 0 |4 0 |6 880_900000000000000_BOW_1948 |7 0 |8 A |9 197325 |a BIBEDU |b BIBEDU |d 2019-11-14 |i 2650010 |o 880.9 BOW 1948 |p 2650010 |r 2019-11-14 |w 2019-11-14 |y BK |k LIT | ||
| 952 | |0 0 |1 0 |4 0 |6 880_900000000000000_BOW_1948 |7 0 |8 A |9 197326 |a BIBEDU |b BIBEDU |d 2019-11-14 |i 2913259 |o 880.9 BOW 1948 |p 2913259 |r 2019-11-14 |w 2019-11-14 |y BK |k LIT | ||
| 952 | |0 0 |1 0 |4 0 |6 880_900000000000000_BOW_1948 |7 0 |8 A |9 197327 |a BIBEDU |b BIBEDU |d 2019-11-14 |i 2913267 |o 880.9 BOW 1948 |p 2913267 |r 2019-11-14 |w 2019-11-14 |y BK |k LIT | ||
| 952 | |0 0 |1 0 |4 0 |6 880_900000000000000_BOW_1948 |7 0 |8 A |9 197328 |a BIBEDU |b BIBEDU |d 2019-11-14 |i 2913275 |o 880.9 BOW 1948 |p 2913275 |r 2019-11-14 |w 2019-11-14 |y BK |k LIT | ||
| 952 | |0 0 |1 0 |4 0 |6 880_900000000000000_BOW_1948 |7 0 |8 A |9 197329 |a BIBEDU |b BIBEDU |d 2019-11-14 |i 299562K |o 880.9 BOW 1948 |p 299562K |r 2019-11-14 |w 2019-11-14 |y BK |k LIT | ||
| 952 | |0 0 |1 0 |4 0 |6 880_900000000000000_BOW_1948 |7 0 |8 A |9 197330 |a BIBHIS |b BIBHIS |d 2019-11-14 |i 3509400 |o 880.9 BOW 1948 |p 3509400 |r 2025-01-20 |w 2019-11-14 |y BK |k HIS | ||
| 952 | |0 0 |1 0 |4 0 |6 880_900000000000000_BOW_1948 |7 0 |8 A |9 197331 |a BIBEDU |b BIBEDU |d 2019-11-14 |i 4051645 |l 1 |o 880.9 BOW 1948 |p 4051645 |r 2024-03-28 |s 2024-03-25 |w 2019-11-14 |y BK |k LIT | ||
| 952 | |0 0 |1 0 |4 0 |6 880_900000000000000_BOW_1948 |7 0 |8 A |9 197332 |a BIBHIS |b BIBHIS |d 2019-11-14 |i 3350525 |o 880.9 BOW 1948 |p 3350525 |r 2025-01-20 |w 2019-11-14 |y BK |k HIS | ||
| 952 | |0 0 |1 0 |4 0 |6 880_900000000000000_BOW_1948 |7 0 |8 A |9 197333 |a BIBHIS |b BIBHIS |d 2019-11-14 |i 1362542 |o 880.9 BOW 1948 |p 1362542 |r 2025-01-20 |w 2019-11-14 |y BK |k HIS | ||
| 952 | |0 0 |1 0 |4 0 |6 880_900000000000000_BOW_1948 |7 0 |8 A |9 197334 |a BIBEDU |b BIBEDU |d 2019-11-14 |i 2913224 |o 880.9 BOW 1948 |p 2913224 |r 2019-11-14 |w 2019-11-14 |y BK |k LIT | ||
| 952 | |0 0 |1 0 |4 0 |6 880_900000000000000_BOW_1948 |7 0 |8 A |9 197335 |a BIBART |b BIBART |d 2019-11-14 |i 4807340 |o 880.9 BOW 1948 |p 4807340 |r 2025-03-13 |w 2019-11-14 |y BK |k ART | ||